Normal view
MARC view
- إعداد حسين رضوان محمد النجار
Entry Personal Name
001 - CONTROL NUMBER
- control field: 24629
003 - CONTROL NUMBER IDENTIFIER
- control field: JO-AjAnu
005 - DATE AND TIME OF LATEST TRANSACTION
- control field: 20230606074223.0
008 - FIXED-LENGTH DATA ELEMENTS
- fixed length control field: 230606|| aca||aabn | a|a d
040 ## - CATALOGING SOURCE
- Original cataloging agency: JO-AjAnu
- Transcribing agency: JO-AjAnu
100 ## - HEADING--PERSONAL NAME
- Personal name: إعداد حسين رضوان محمد النجار
670 ## - SOURCE DATA FOUND
- Source citation: Work cat.: (JO-AjAnu)12667: إعداد حسين رضوان محمد النجار, author, معجم الأفعال : فرنسي - إنجليزي = Dictionary of the verbs french-english